| 000 | 01109nam a22003257a 4500 | ||
|---|---|---|---|
| 003 | CHAP | ||
| 005 | 20220329133757.0 | ||
| 008 | 971013s1976 r 00010 d | ||
| 010 | _a10739 | ||
| 011 | _a11711 | ||
| 035 | _a10958 | ||
| 040 | _cCHAP | ||
| 090 | _aFolleto 6909 | ||
| 100 | 0 | 0 |
_aCorredor de Molina, Isabel. _928243 |
| 245 | 1 | _aMediciones y estimación de algunos parametros del bosque sobre fotografias aereas | |
| 260 |
_aBogota, Col. : _bCentro Interamericano de Fotointerpretación, _c1976 |
||
| 300 | _a51 P | ||
| 590 |
_aBATCH-UPD _b10 _c20130110 _lUCH01 _h1653 |
||
| 590 |
_aBATCH-UPD _b10 _c20130410 _lUCH01 _h1042 |
||
| 590 |
_aBATCH-UPD _b10 _c20130914 _lUCH01 _h0708 |
||
| 590 |
_aCONVERSION _b10 _c20130109 _lUCH01 _h1307 |
||
| 650 | 1 | 4 |
_aBosques _xInventarios. _914240 |
| 650 | 1 | 4 |
_aFotografía aérea. _942714 |
| 650 | 1 | 4 |
_aFotointerpretación. _942728 |
| 901 | _aBK | ||
| 942 | _cFOLL | ||
| 949 |
_aFolleto 6909 _bBC _cFOLL _d-145796 _eTS1 _i10958 _si |
||
| 949 |
_aFolleto 6909 _bBC _cFOLL _d-145797 _eTS2 _fc.2 _i10958 _si |
||
| 949 |
_aFolleto 6909 _bBC _cFOLL _d-145798 _eTS2 _fc.3 _i10958 _si |
||
| 999 |
_c10739 _d10739 |
||